Vzdialenosť ako faktor výskumu vnútornej migrácie Slovenska

Vnútorná migrácia na Slovensku. Otázka vzdialenosti, resp. dĺžky migračných tokov na Slovensku. Podľa výsledkov, s výnimkou Bratislavy a Košíc, slovenské mestá nemajú dostatočnú atraktivitu, aby priťahovali migrantov z väčších vzdialeností. Najpočetnejšou zložkou migračných vzorcov na Slovensku sú k...

Descrizione completa

Salvato in:
Dettagli Bibliografici
Autore principale: Kakaš, Arnold
Natura: Capitolo di libro
Lingua:slovacco
Soggetti:
Tags: Aggiungi Tag
Nessun Tag, puoi essere il primo ad aggiungerne!!

MARC

LEADER 00000naa a2200000 4500
001 0231253
005 20220805075652.4
041 0 |a slo 
044 |a SK 
245 1 0 |a Vzdialenosť ako faktor výskumu vnútornej migrácie Slovenska  |c Arnold Kakaš 
520 |a Vnútorná migrácia na Slovensku. Otázka vzdialenosti, resp. dĺžky migračných tokov na Slovensku. Podľa výsledkov, s výnimkou Bratislavy a Košíc, slovenské mestá nemajú dostatočnú atraktivitu, aby priťahovali migrantov z väčších vzdialeností. Najpočetnejšou zložkou migračných vzorcov na Slovensku sú krátke migrácie. 
610 2 0 |a migrácia 
610 2 0 |a regióny 
610 2 0 |a Slovensko 
100 1 |a Kakaš, Arnold